000
00300nam a2200133Ia 4500
008
191201s2009 xx 000 0 und d
100
_a
SIDHPURIA, Manish V
245
0
_a
Retail Franchising
250
_a
Ed
260
_a
New Delhi
_b
TMH
_c
2009
300
_a
180
650
_a
BBA
942
_2
ddc
_c
BK
_0
1
999
_c
5961
_d
5961